| 000 | 00824nam a2200229Ia 4500 | ||
|---|---|---|---|
| 001 | L700-57430 | ||
| 003 | IT-CnALBA | ||
| 008 | 170116s9999||||xx |||||||||||||| ||und|| | ||
| 040 |
_aIT-CnALBA _cIT-CnALBA |
||
| 041 | _aITALIANO | ||
| 100 | _aCARRA' MASSIMO | ||
| 245 | 0 | _aMORANDO PIETRO. OPERE DAL 1920 AL 1970. | |
| 250 | _a1a ed. | ||
| 260 |
_aMILANO _bMAZZOTTA GABRIELE, EDITORE _c1999 [1° Ed.:1999 - Ed.Ling.Originale: 1999] |
||
| 300 | _a152 p. | ||
| 500 | _aL'AMICO DI UNA VITA. VITA E OPERE. BIBLIOGRAFIA. ELENCO OPERE. | ||
| 501 | _aSocietà San Paolo EM - Piazza San Paolo, 14 - 12051 ALBA (CN) (non commercial uses only) ® Copyright 2017 | ||
| 520 | _aL'AMICO DI UNA VITA. VITA E OPERE. BIBLIOGRAFIA. ELENCO OPERE. | ||
| 650 | _aBELLE ARTI-ARTI DECORATIVE | ||
| 942 | _cBK | ||
| 957 | _71 | ||
| 999 |
_a74930 _bNO _g Copie: 1 _c316264 _d316264 |
||